000 00964cam a2200253 4500
001 ABS61552
008 000000n1999 000 0 eng u
035 _a(Sirsi) u102393
100 _aMcGarty, J.
245 _aBrownfield development: where to next?
260 _c1999
490 _aProperty Forecast
_v2(11) November 1999, 6-7(2)
520 _aDiscusses the results of research undertaken by the College of Estate Management, which looked at obstacles to be overcome when undertaking residential development on brownfield land, with particular reference to Landfill tax. Copies of full report from College of Estate Management tel. 0118 986 1101 ext. 7270.
590 _aABS
650 _aBROWNFIELD LAND
650 _aRESIDENTIAL DEVELOPMENT
650 _aCONTAMINATED LAND
650 _aREMEDIATION
650 _aLANDFILL TAX
650 _aRESEARCH
650 _aCOLLEGE OF ESTATE MANAGEMENT
690 _aHOUSING-DEVELOPMENT
942 _n0
999 _c61412
_d61412